00441nam a2200121Ia 4500008004100000024005100041082001800092100006100110245006300171260002600234600002100260650003800281260210s9999 xx 000 0 und d a99B-BCS3-15, 99B-BCS3-59 & 99B-BCS3-32 a004.62072 MUH aMuhammad Ibrahim Zubari, Muhammad Omer & Usman Aslam 0aBilling System For Bank Through WAP Enable Devices And Web aKarachi:bUITU,c1999 aComputer Science aBachelor of Computer Science (BS)